Cities of Franklin County, Iowa - Statistics

General Stats
  • This quiz has been taken 34 times
  • The average score is 6 of 10
Answer Stats
Cities % Correct
2 Ackley
75%
4 Dows
75%
1 Hampton
75%
7 Alexander
50%
6 Coulter
50%
8 Geneva
50%
9 Hansell
50%
5 Latimer
50%
3 Sheffield
50%
10 Popejoy
25%
No matching quizzes found
Score Distribution
Percent of People with Each Score
Percentile by Number Answered
Your Score History
You have not taken this quiz